Polskie miasta, których nazwy różnią się jedną literą - Statystyki

Ogólne statystyki
  • Ten quiz został rozwiązany 105 razy
    34 od ostatniego zresetowania
  • Średni wynik to 20 z 53
Statystyki odpowiedzi
Województwo Populacja długość Miasto % Poprawnych
Zachodniopomorskie 390 278 8 Szczecin
86%
Małopolskie 103 515 6 Tarnów
75%
Dolnośląskie 68 016 5 Lubin
71%
Warmińsko-mazurskie 32 245 5 Iława
68%
Lubuskie 35 033 4 Żary
68%
Śląskie 61 793 4 Żory
68%
Dolnośląskie 92 568 7 Legnica
64%
Mazowieckie 30 810 5 Mława
64%
Dolnośląskie 33 183 5 Oława
64%
Dolnośląskie 19 640 5 Lubań
61%
Małopolskie 4079 8 Szczucin
61%
Wielkopolskie 32 801 5 Luboń
57%
Lubuskie 4119 5 Sława
57%
Opolskie 2646 8 Prószków
54%
Mazowieckie 65 388 8 Pruszków
54%
Lubuskie 15 684 5 Gubin
50%
Lubuskie 3633 5 Iłowa
50%
Opolskie 2566 7 Leśnica
50%
Łódzkie 1074 6 Żarnów
50%
Podlaskie 14 504 4 Łapy
43%
Łódzkie 20 682 6 Wieluń
43%
Mazowieckie 4103 5 Gąbin
39%
Wielkopolskie 5718 6 Wieleń
39%
Śląskie 6414 4 Łazy
36%
Śląskie 29 560 7 Myszków
36%
Mazowieckie 26 042 7 Wyszków
36%
Śląskie 1000 5 Janów
32%
Mazowieckie 44 882 5 Marki
32%
Lubelskie 12 219 7 Włodawa
32%
Śląskie 4360 5 Żarki
32%
Śląskie 18 891 6 Bieruń
29%
Zachodniopomorskie 2025 5 Dobra
29%
Wielkopolskie 1341 5 Dobra
29%
Mazowieckie 1826 5 Dobre
29%
Mazowieckie 900 5 Jadów
29%
Wielkopolskie 5890 7 Kłodawa
29%
Dolnośląskie 4810 8 Szczytna
29%
Warmińsko-mazurskie 21 979 8 Szczytno
29%
Mazowieckie 1706 6 Bieżuń
25%
Małopolskie 5947 6 Grybów
18%
Podkarpackie 5148 5 Lesko
18%
Zachodniopomorskie 3908 5 Resko
18%
Zachodniopomorskie 2486 8 Stepnica
18%
Świętokrzyskie 1138 8 Stopnica
18%
Mazowieckie 11 932 5 Warka
18%
Łódzkie 1003 6 Grabów
14%
Mazowieckie 9311 7 Karczew
14%
Lubelskie 10 240 7 Parczew
14%
Łódzkie 2952 5 Warta
14%
Świętokrzyskie 2715 5 Kunów
11%
Lubelskie 2617 5 Kurów
11%
Dolnośląskie 2270 6 Radków
7%
Małopolskie 2682 6 Radłów
7%
Nie znaleziono quizów pasujących do podanych kryteriów
Rozkład punktacji
Procent ludzi z każdym wynikiem
Percentyl według liczby udzielonych odpowiedzi
Twoja historia wyników
Nie rozwiązałeś tego quizu od ostatniego zresetowania